| 000 | 00827nam a22002297a 4500 | ||
|---|---|---|---|
| 999 |
_c8086 _d8086 |
||
| 001 | 8086 | ||
| 003 | BD-JhCC | ||
| 005 | 20180717102558.0 | ||
| 008 | 180218b1978 bg ||||| |||| 00| 0 ben d | ||
| 035 | _a(BD-JhCC)8086 | ||
| 040 |
_aBD-JhCC _dBD-JhCC |
||
| 041 | _aben | ||
| 082 |
_a590 _bMIA 1978 |
||
| 100 | _aমিয়া, মোঃ আবদুল | ||
| 245 |
_aউচ্চ মাধ্যমিক প্রাণী বিজ্ঞান / _c মোঃ আবদুল মিয়া এবং মাহমুদ জাহাঙ্গীর হাসান |
||
| 260 |
_aঢাকা : _bআইডিয়াল লাইব্রেরী _c1978 |
||
| 300 | _a806 p. : | ||
| 650 | _aZoology | ||
| 700 | _aহাসান, মাহমুদ জাহাঙ্গীর | ||
| 942 |
_2ddc _cBK |
||